Missing Word: 2011 Movies (A-Z) Quiz Stats

 Plays Quiz Updated Oct 11, 2019

Score 0/26 Timer 03:00
0 Plays Today
Movie Title Missing Word % Correct
Puss in _____Boots
98.1%
_____ Fu Panda 2Kung
97.5%
_____ and JillJack
96.2%
Rise of the _____ of the ApesPlanet
95.9%
New _____ EveYear's
94.3%
The Girl with the Dragon _____Tattoo
93.6%
Harry Potter and the Deathly _____: Part 2Hallows
92.9%
We Bought a _____Zoo
90.9%
_____: First ClassX-Men
87.8%
Crazy, _____, Love.Stupid
87.1%
Happy _____ TwoFeet
84.7%
The Tree of _____Life
83.3%
The _____ of MarchIdes
82.3%
Movie Title Missing Word % Correct
Pirates of the Caribbean: _____ Stranger TidesOn
81.7%
_____ & AliensCowboys
79.9%
Captain America: The First _____Avenger
79.4%
I Am _____ FourNumber
78.9%
A _____ Harold & Kumar 3D ChristmasVery
78.3%
Water for _____Elephants
77%
Transformers: _____ of the MoonDark
76.5%
_____ HorseWar
74.4%
Mission: Impossible - _____ ProtocolGhost
69%
_____ in ParisMidnight
58.8%
_____ SteelReal
56.4%
Beats, Rhymes & Life: The Travels of A Tribe Called _____Quest
45.9%
Seven Days in ______Utopia
27.2%

Today's Daily Dose

Missing Word
Sherlocks

Word Ladder
King of the Hill

Quick Pick
Songs in Pink

Get the Picture
NBA Teammates

You're not logged in!

Compare scores with friends on all Sporcle quizzes.
OR
Log In

Sporcle TV

Today on Sporcle TV


Watch our educational content, quiz creation guides, and fun videos on Sporcle TV.

Show Comments

Extras

Top Quizzes Today


Score Distribution

Your Account Isn't Verified!

In order to create a playlist on Sporcle, you need to verify the email address you used during registration. Go to your Sporcle Settings to finish the process.

Report this User

Report this user for behavior that violates our Community Guidelines.

Details: